Equipes de Ligue 1 - Mort Subite - Statistiques

Statistiques générales
  • Ce quiz a été pris 260 fois
    176 depuis la dernière actualisation
  • Le résultat moyen est 6 sur 10
Answers on the Grid
Answers color-coded by a green-red scale on the quiz's grid according to % correct below.
Stade Lavallois
En Avant Guingamp
AS Saint-Etienne
Olympique Lyonnais
Olympique de Marseille
FC Nantes
CS Sedan Ardennes
AS Cannes
Stade Briochin
SC Toulon
Évian Thonon Gaillard FC
Red Star FC
FC Annecy
US Orléans
FC Versailles 78
Le Puy Foot 43
Pau FC
USL Dunkerque
Quevilly-Rouen Métropole
Rodez AF
 
Statistiques - réponses
Réponse % Correct
Olympique de Marseille
87%
Olympique Lyonnais
87%
FC Nantes
84%
AS Saint-Etienne
82%
En Avant Guingamp
73%
Évian Thonon Gaillard FC
61%
AS Cannes
44%
CS Sedan Ardennes
35%
Stade Lavallois
25%
SC Toulon
22%
Aucun quiz correspondant
Distribution des résultats
% des personnes avec chaque résultat
Percentile par nombre de réponses
Votre historique - résultats
Vous n’avez pas pris ce quiz depuis la dernière actualisation